000
00203 a2200097 4500
001
51071
100
_a
Grob B
245
_a
Basic Electronics
260
_a
New York
_b
McGraw-H
_c
090
_c
32332
_d
32332
942
_a
NUST-CAE
_c
M
_c
24817
999
_c
286144
_d
286144